Introduction to a science of mythology

Αποθηκεύτηκε σε:
Λεπτομέρειες βιβλιογραφικής εγγραφής
Κύριος συγγραφέας: Lévi-Strauss, Claude
Άλλοι συγγραφείς: Weightman, Doreen (Μεταφραστής)
Μορφή: Βιβλίο
Γλώσσα:English
French
Δημοσίευση: London : Penguin, 1992.
Θέματα:
Ετικέτες: Προσθήκη ετικέτας
Δεν υπάρχουν, Καταχωρήστε ετικέτα πρώτοι!

MARC

LEADER 00000cam a2200000 i 4500
001 1/68808
008 931208s1970 enk| ||| |||| ||eng||
020 |a 0140156771 
035 |a ΛΕΣΒΟΣb10002134  |l 10002134 
040 |a GR-MyUA  |b gre  |e AACR2 
041 1 |a eng  |h fre 
082 7 |a 306   |2 (22) 
100 1 |a Lévi-Strauss, Claude. 
245 1 0 |a Introduction to a science of mythology /   |c Claude Lévi-Strauss ; translated from the french by John and Doreen Weightman.  
260 |a London :   |b Penguin,   |c 1992.  
300 |a 4 τ. ;   |c 20 εκ.  
504 |a Περιέχει βιβλιογραφικές αναφορές και ευρετήρια.  
505 8 |a T. 1. The raw and the cooked. 
650 0 0 |a Ethnology. 
650 0 0 |a Mythology. 
650 0 0 |a Structural anthropology. 
700 1 |a Weightman, Doreen,  |e trl 
740 4 |a The raw and the cooked.  
765 0 8 |i Μετάφραση του:   |t Mythologiques /  
852 |a INST  |b LESVOS  |e 19931208  |h 306 LEV  |p 005100009987  |q 005100009987  |t BK  |v τ.1:  |y 0